000 00469nam a2200169Ia 4500
003 GCL
008 140319s9999 xx 000 0 eng d
040 _aGCL /
_cGCL
082 0 4 _a620.0042
_bW F
100 1 _aWHITE, MARK A
245 1 0 _aFINANCIAL ANALYSIS WITH AN ELECTRONIC CALCULATOR /
_cWHITE, MARK A
260 _a[S.N] :
_bIRWIN ،
_c1995
300 _a137 P P
650 0 4 _aالتحليل الرياضى
650 0 4 _aELECTRONIC CALCULATOR
942 _2ddc
_cBK
999 _c12375
_d12375